| 000 | 00430nam a22001697a 4500 | ||
|---|---|---|---|
| 003 | BT-SaRUSC | ||
| 005 | 20260408105440.0 | ||
| 008 | 260408b |||||||| |||| 00| 0 eng d | ||
| 040 | _cBT-SaRUSC | ||
| 082 | _aA6.8 UNE | ||
| 110 |
_aUNESCO _9498 |
||
| 245 |
_aTeacher policy development guide / _c UNESCO |
||
| 260 |
_a123 pages _b UNESCO _c2019 |
||
| 300 |
_a123 pages _c30 cm. |
||
| 541 |
_d8.4.26 _eGD 2379 |
||
| 942 |
_2ddc _cGD |
||
| 999 |
_c19964 _d19964 |
||